Quick Pick: 'King' Movies Quiz Stats

 Plays Quiz Updated Jul 24, 2019

Score 0/12 Timer 01:00
0 Plays Today
% Correct
Kong
95%
Scotland
92.4%
Return
92%
Sword
88.4%
Lion
84.8%
Hill
82.4%
Madness
79.6%
Mines
75.6%
Fisher
71.4%
Gardens
71.2%
Kings
67.7%
Comedy
66%

Today's Daily Dose

You're not logged in!

Compare scores with friends on all Sporcle quizzes.
OR
Log In

Sporcle TV

Today on Sporcle TV


Watch our educational content, quiz creation guides, and fun videos on Sporcle TV.

Show Comments

Extras

Top Quizzes Today


Score Distribution

Your Account Isn't Verified!

In order to create a playlist on Sporcle, you need to verify the email address you used during registration. Go to your Sporcle Settings to finish the process.

Report this User

Report this user for behavior that violates our Community Guidelines.

Details: